Janes land-based air defence 2005-2006 (Record no. 569507)
[ view plain ]
| 000 -LEADER | |
|---|---|
| fixed length control field | 00803nam a22001937a 4500 |
| 003 - CONTROL NUMBER IDENTIFIER | |
| control field | CEME |
| 005 - DATE AND TIME OF LATEST TRANSACTION | |
| control field | 20210628202348.0 |
| 008 - FIXED-LENGTH DATA ELEMENTS--GENERAL INFORMATION | |
| fixed length control field | 210121b xxu||||| |||| 00| 0 eng d |
| 020 ## - INTERNATIONAL STANDARD BOOK NUMBER | |
| International Standard Book Number | 0-7106-2697-5 |
| 040 ## - CATALOGING SOURCE | |
| Transcribing agency | . |
| 082 ## - DEWEY DECIMAL CLASSIFICATION NUMBER | |
| Classification number | 355-LBAD JAN'S |
| 100 ## - MAIN ENTRY--PERSONAL NAME | |
| Personal name | O'halloran, James.C Foss, Christopler.F |
| 9 (RLIN) | 59560 |
| 245 ## - TITLE STATEMENT | |
| Title | Janes land-based air defence 2005-2006 |
| 250 ## - EDITION STATEMENT | |
| Edition statement | 18TH |
| 260 ## - PUBLICATION, DISTRIBUTION, ETC. | |
| Place of publication, distribution, etc. | UNITED KINGDOM |
| Name of publisher, distributor, etc. | JANES IMFORMATION GROUP |
| Date of publication, distribution, etc. | 2005 |
| 300 ## - PHYSICAL DESCRIPTION | |
| Extent | 458P |
| 650 ## - SUBJECT ADDED ENTRY--TOPICAL TERM | |
| Topical term or geographic name entry element | AIR DEFENCE LAND-BASED AIR DEFENCE.MAN PORTABLE SURFACE TO AIR MISSILE SYSTEMS.SELF PROPELLED ANTI AIRCRAFT GUN.UNIVERSAL MISSILES.MULTIPURPOSE MISSILES.LAND MISSILES.AIR MISSILES.SEA MISSILES.CONTROL SYSTEMS OF ANTI AIRCRAFT.TOWED ANTI AIR CRAFT GUN.STATIC AND TOWED SURFACE TO AIR MISSILE SYSTEMS |
| 9 (RLIN) | 59561 |
| 942 ## - ADDED ENTRY ELEMENTS (KOHA) | |
| Koha item type | Book |
| Source of classification or shelving scheme | |
| Withdrawn status | Lost status | Damaged status | Not for loan | Permanent Location | Current Location | Shelving location | Date acquired | Total Checkouts | Full call number | Barcode | Date last seen | Price effective from | Koha item type |
|---|---|---|---|---|---|---|---|---|---|---|---|---|---|
| College of Electrical & Mechanical Engineering (CEME) | College of Electrical & Mechanical Engineering (CEME) | Reference | 07/18/2017 | 355-LBAD JAN'S | CEME-41410 | 06/28/2021 | 06/28/2021 | Book |
